000 00365cam a22001451i 4500
040 _cNIC
082 0 0 _a944 LES 1941 A104 Or.
100 1 _aRochard, J. M.
245 1 0 _aA la solde de Moscou,
260 _aParis :
_bLes Éditions de France,
_c1941.
300 _a108 p. ;
_c19 cm.
490 0 _aCollection "Les temps nouveaux"
650 0 _aCommunism
942 _cFB
999 _c14887
_d14887